| 000 | 00485nam a2200169Ia 4500 | ||
|---|---|---|---|
| 003 | OSt | ||
| 005 | 20191227123042.0 | ||
| 008 | 190216s9999||||xx |||||||||||||| ||und|| | ||
| 040 | _coclc | ||
| 082 |
_a330.09 _bHAN/H |
||
| 100 |
_aHaney, Lewis H _9840 |
||
| 245 | 0 |
_aHistory Of Economic Thought / _c Lewis H Haney |
|
| 260 |
_bSurjeet Publications, _c1911. _aDelhi: |
||
| 300 | _a996 p | ||
| 650 | _aEconomics | ||
| 942 |
_cBK _2ddc _h330.09 _iHAN/H _k330.09 _mHAN/H |
||
| 999 |
_c10062 _d10062 |
||